Cuando atacan los monstruos (Registro nro. 82136)
[ vista simple ]
| 000 -CABECERA | |
|---|---|
| Longitud fija campo de control | 01141nam a2200325Ia 4500 |
| 001 - NÚMERO DE CONTROL | |
| Número de control | 365279 |
| 003 - IDENTIFICADOR DEL NÚMERO DE CONTROL | |
| Identificador del número de control | EC-QuCCB |
| 005 - FECHA Y HORA DE LA ÚLTIMA TRANSACCIÓN | |
| Fecha y hora de la última transacción | 20240404161945.0 |
| 007 - CAMPO FIJO DE DESCRIPCIÓN FÍSICA--INFORMACIÓN GENERAL | |
| Campo fijo de descripción física | ta |
| 008 - DATOS DE LONGITUD FIJA--INFORMACIÓN GENERAL | |
| Códigos de información de longitud fija | 130917s2023 ec a jr 000 jdspa d |
| 020 ## - NÚMERO INTERNACIONAL ESTÁNDAR DEL LIBRO | |
| Número Internacional Normalizado para Libros (ISBN) | 978-9978-80-368-4 |
| 040 ## - FUENTE DE LA CATALOGACIÓN | |
| Centro catalogador de origen | EC-QuCCB |
| 041 ## - CÓDIGO DE LENGUA | |
| Código de lengua del texto;banda sonora o título independiente | spa |
| 082 ## - NÚMERO DE LA CLASIFICACIÓN DECIMAL DEWEY | |
| Número de clasificación | I Ec863 |
| Número de documento | D3521 |
| -- | 2023 |
| 100 1# - ENTRADA PRINCIPAL--NOMBRE DE PERSONA | |
| 9 (RLIN) | 2172 |
| Nombre de persona | Delgado Santos, Francisco, |
| Fechas asociadas con el nombre | 1950- |
| 245 10 - MENCIÓN DE TÍTULO | |
| Título | Cuando atacan los monstruos |
| Mención de responsabilidad, etc. | Francisco Delgado Santos |
| 250 ## - MENCIÓN DE EDICIÓN | |
| Mención de edición | Primera edición, |
| Resto de la mención de edición | quinta reimpresión |
| 260 ## - PUBLICACIÓN, DISTRIBUCIÓN, ETC. (PIE DE IMPRENTA) | |
| Lugar de publicación, distribución, etc. | Quito, Ecuador : |
| Nombre del editor, distribuidor, etc. | Libresa, |
| Fecha de publicación, distribución, etc. | 2018 |
| 300 ## - DESCRIPCIÓN FÍSICA | |
| Extensión | 24 páginas : |
| Otros detalles físicos | ilustraciones ; |
| Dimensiones | 21 cm |
| 336 ## - TIPO DE CONTENIDO | |
| Content type term | texto |
| Content type code | txt |
| 337 ## - TIPO DE MEDIO | |
| Media type term | no mediado |
| Media type code | n |
| 338 ## - TIPO DE PORTADOR | |
| Carrier type term | volumen |
| Carrier type code | nc |
| 490 0# - MENCIÓN DE SERIE | |
| Mención de serie | Garabato |
| 520 ## - SUMARIO, ETC. | |
| Sumario, etc, | ¡Ja, ja, ja, ja! ¡Por fin llegaste, pequeña golosina! ¡Te estaba esperando para comerte a pedacitos! Y mientras se ríe, deja de ver unos dientes puntiagudos, como los de un vampiro; afilados, como los de un cuchillo... |
| 521 ## - NOTA DE PÚBLICO DESTINATARIO | |
| Nota público destinatario (R ) | Niños de 10 a 12 años |
| 590 ## - NOTA LOCAL (RLIN) | |
| Nota local | bgg |
| 650 #4 - PUNTO DE ACCESO ADICIONAL DE MATERIA--TÉRMINO DE MATERIA | |
| Nombre de materia o nombre geográfico como elemento de entrada | Cuentos infantiles ecuatorianos |
| 9 (RLIN) | 11844 |
| Nombre de materia o nombre geográfico como elemento de entrada | Literatura infantil ecuatoriana |
| 9 (RLIN) | 13897 |
| 942 ## - ELEMENTOS DE PUNTO DE ACCESO ADICIONAL (KOHA) | |
| Fuente de clasificaión o esquema | Dewey Decimal Classification |
| Koha [por defecto] tipo de item | Monografía |
| Suprimido | Perdido | Fuente de clasificación o esquema | Estropeado | No se presta | Koha Colección | Localización (Biblioteca) | Localización actual | Localización en estanterías | Fecha adquisición | Fuente de adquisición | Serie de enumeración ; cronología | Préstamos totales | Clasificación completa | Designación de pieza (código de barras) | Fecha última consulta | Número de ejemplar | Fecha del precio de reemplazo | Tipo de item de Koha | Note pública |
|---|---|---|---|---|---|---|---|---|---|---|---|---|---|---|---|---|---|---|---|
| Disponible | Dewey Decimal Classification | Sin daños | Disponible para préstamo | INFANTIL | Biblioteca CCE - Cotopaxi | Biblioteca CCE - Cotopaxi | INFANTIL | 13/03/2024 | Material didáctico | 2018 | I Ec863 D3521 2018 | CCE-COT24042561 | 04/04/2024 | Ej. 1 | 13/03/2024 | Monografía | Rojo Niños de 10 a 12 años | ||
| Disponible | Dewey Decimal Classification | Sin daños | Disponible para préstamo | INFANTIL | Biblioteca CCE - Guayas | Biblioteca CCE - Guayas | INFANTIL | 13/03/2024 | Material didáctico | 2018 | I Ec863 D3521 2018 | CCE-GUA24042562 | 04/04/2024 | Ej. 1 | 13/03/2024 | Monografía | Rojo Niños de 10 a 12 años | ||
| Disponible | Dewey Decimal Classification | Sin daños | Disponible para préstamo | INFANTIL | Biblioteca CCE - Imbabura | Biblioteca CCE - Imbabura | INFANTIL | 13/03/2024 | Material didáctico | 2018 | I Ec863 D3521 2018 | CCE-IMB24042563 | 04/04/2024 | Ej. 1 | 13/03/2024 | Monografía | Rojo Niños de 10 a 12 años | ||
| Disponible | Dewey Decimal Classification | Sin daños | Disponible para préstamo | INFANTIL | Biblioteca y Archivo de la CCE | Biblioteca y Archivo de la CCE | INFANTIL | 13/03/2024 | Material didáctico | 2018 | I Ec863 D3521 2018 | 0016528 | 04/04/2024 | Ej. 1 | 13/03/2024 | Monografía | Rojo Niños de 10 a 12 años | ||
| Disponible | Dewey Decimal Classification | Sin daños | Disponible para préstamo | INFANTIL | Biblioteca y Archivo de la CCE | Biblioteca y Archivo de la CCE | INFANTIL | 13/03/2024 | Material didáctico | 2018 | I Ec863 D3521 2018 | 0016529 | 04/04/2024 | Ej. 2 | 13/03/2024 | Monografía | Rojo Niños de 10 a 12 años |























